Cartography : visualization of spatial data
Saved in:
| Main Author: | |
|---|---|
| Other Authors: | |
| Format: | Book |
| Language: | English |
| Published: |
Harlow :
Prentice Hall,
2003
|
| Edition: | 2nd ed. |
| Subjects: | |
| Tags: |
Add Tag
No Tags, Be the first to tag this record!
|
MARC
| LEADER | 00000nam a2200000 i 4500 | ||
|---|---|---|---|
| 001 | 1/75236 | ||
| 008 | 050414s2003 eng d | ||
| 020 | |a 0-130-88890-7 | ||
| 035 | |l 10077651 | ||
| 040 | |a GR-MY-UA |b gre |e aacr | ||
| 041 | 0 | |a eng | |
| 082 | 0 | |a 526 |2 (21) | |
| 100 | 1 | |a Kraak, M. J. | |
| 245 | 1 | 0 | |a Cartography : |b visualization of spatial data / |c Menno-Jan Kraak & Ferjan Ormeling |
| 250 | |a 2nd ed. | ||
| 260 | |a Harlow : |b Prentice Hall, |c 2003 | ||
| 300 | |a ix, 205 σ.; |b εικ., χάρτες; |c 25 εκ. | ||
| 504 | |a Περιέχει βιβλιογραφικές παραπομπές και ευρετήριο | ||
| 650 | 0 | 0 | |a Cartography. |
| 700 | 1 | |a Ormeling, Ferjan |d 1942- | |
| 852 | |a INST |b LESVOS |e 20050414 |h 526 KRA |p 005100027840 |q 005100027840 |t BK |y 0 | ||
| 901 | |a BIBL1-2005-1 | ||
| 909 | |a Λ |b 116492 | ||
| 922 | |a 1ΕΛΗ |b 200411 |c ΕΠΕΑΕΚ2/ΤΓ |d ΜΙΧΑΛΟΠΟΥΛΟΣ | ||
| 950 | |a 118-2004-10-04 | ||
| 970 | |a ΚΑΡΑ |b ΓΙΑΣΕΜΗ |z 2005/04/22 | ||